000
00232nam a22000857a 4500
008
160706b xxu||||| |||| 00| 0 eng d
100
_9
2365
_a
Manokaran, J
245
_a
I Like the World
260
_a
New Delhi
_b
National Book Trust
_c
1980
999
_c
2042
_d
2042